Statistics for Choose the correct spelling

Click here to take the quiz!

General Stats

  • This quiz has been taken 55 times
  • The average score is 11 of 15

Answer Stats

QuestionAnswer% Correct
For example, a koalamarsupial
96%
An animal which has quillsporcupine
94%
A courgettezucchini
94%
An animal that eats meatcarnivore
90%
The power house of the cellmitochondria
90%
An orange-like fruit related to the citruses, with an edible sweet rind and acid pulp.kumquat
88%
Musical beatsrhythm
83%
A country in AsiaKyrgyzstan
75%
A state in the USAWisconsin
75%
A tree/shrub that shreds its leaves annuallydeciduous
71%
A breed of dog with short legsdachshund
67%
A bird native to New Zealandkakapo
63%
A colour, or a type of plantfuchsia
56%
The line in the middle of a fractionvinculum
29%
An Irish countyLaois
25%

Score Distribution

Percentile by Number Answered

Percent of People with Each Score

Your Score History

You have not taken this quiz